FC Bayern Startaufstellung Champions League Finale 2000/2001 - Statistiken

Allgemein
  • Dieses Quiz wurde 87 mal gespielt
  • Das Durchschnittsergebnis liegt bei 8 aus 12
Antwortstatistiken
Hint Antwort % Korrekt
Torwart Oliver Kahn
100%
Trainer Ottmar Hitzfeld
94%
Sturm Giovane Elber
84%
Mittelfeld Stefan Effenberg
84%
Mittelfeld Mehmet Scholl
77%
Verteidigung Bixente Lizarazu
70%
Verteidigung Willy Sagnol
66%
Verteidigung Samuel Kuffour
63%
Verteidigung Thomas Linke
59%
Mittelfeld Hasan Salihamidzic
52%
Verteidigung Patrik Andersson
48%
Mittelfeld Owen Hargreaves
41%
Keine übereinstimmenden Quizze gefunden
Verteilung der Resultate
Anzahl Personen mit jedem Resultat
Perzentil nach korrekt beantworteten Fragen
Ihre Resultats-Entwicklung
Sie haben dieses Quiz noch nicht gespielt